000
00260nam a2200097Ia 4500
001
1090308
005
20250827002838.0
008
250824s9999 xx 000 0 und d
245
0
_a
DOĞU BATI ARASINDA İSLAM
_c
ALİYA İZETBEGOVİÇ
260
_b
KETEBE YAYINLARI
999
_c
1090308
_d
1090308